[Event "XII. DBMM Schach"]
[Site "Berlin"]
[Date "2012.10.11"]
[Round "2.1"]
[White "Meister, Jakob"]
[Black "Hohlfeld, Wolfgang"]
[Result "1-0"]
[WhiteElo "2414"]
[BlackElo "2134"]
[Annotator "rg"]
[PlyCount "101"]
[EventDate "2012.??.??"]
[WhiteTeam "SK Präsident Berlin 1"]
[BlackTeam "Baubehörde Hamburg 1"]

1. e4 c5 2. Nf3 d6 3. Bb5+ Nd7 4. O-O Ngf6 5. Re1 e6 6. c3 Be7 7. d4 O-O 8.
Nbd2 a6 9. Bd3 cxd4 10. cxd4 e5 11. Nf1 b5 12. Ng3 Bb7 13. b3 Re8 14. d5 Nc5
15. Bf1 b4 16. Nd2 a5 17. Bb5 Rf8 18. Nc4 Rb8 19. a4 bxa3 20. Nxa3 Ba6 21. Bxa6
Nxa6 22. Nc4 Rb5 23. Bd2 Nc5 24. Nxa5 Qd7 25. Re3 Bd8 26. Nc6 Ncxe4 27. Nxe4
Nxd5 28. Nxd8 Nxe3 29. Bxe3 Rxd8 30. Nc3 Rb7 31. Nd5 Qb5 32. b4 h6 33. Qf3 f5
34. g3 Rf7 35. Rd1 Qc4 36. Bb6 Rb8 37. Qd3 Qxd3 38. Rxd3 Rbb7 39. Ba5 Kf8 40.
f4 Ke8 41. Nb6 Rf6 42. Nc4 Ke7 43. fxe5 dxe5 44. Nxe5 Rd6 45. Rf3 Rb5 46. Nc4
Rd4 47. Rc3 f4 48. Bb6 Rd1+ 49. Kg2 fxg3 50. Bc5+ Rxc5 51. bxc5 {
Zeitüberschreitung Schwarz} 1-0

[Event "XII. DBMM Schach"]
[Site "Berlin"]
[Date "2012.10.11"]
[Round "2.2"]
[White "Hedden, Helge"]
[Black "Tripolsky, Eugen"]
[Result "1/2-1/2"]
[WhiteElo "2073"]
[BlackElo "2200"]
[Annotator "rg"]
[PlyCount "109"]
[EventDate "2012.??.??"]
[WhiteTeam "Baubehörde Hamburg 1"]
[BlackTeam "SK Präsident Berlin 1"]

1. c4 b6 2. Nf3 Bb7 3. g3 Bxf3 4. exf3 c5 5. f4 Nc6 6. b3 e6 7. Bb2 Nge7 8. d4
cxd4 9. Bxd4 Nxd4 10. Qxd4 Nf5 11. Qd3 Qf6 12. Nc3 Bb4 13. Rc1 O-O 14. Bg2 d5
15. O-O Rac8 16. Ne2 dxc4 17. Rxc4 Rfd8 18. Qb1 a5 19. Rd1 g6 20. Qc1 Rxd1+ 21.
Qxd1 Rd8 22. Qc1 Kg7 23. Rc2 h5 24. Bf3 h4 25. Kg2 Rd3 26. Be4 Rd7 27. Bxf5
Qxf5 28. Qb2+ f6 29. gxh4 Qe4+ 30. Kh3 Rd3+ 31. Ng3 Qxf4 32. Kg2 Bc5 33. Re2 e5
34. Qc2 Qf3+ 35. Kh3 Rc3 36. Qd2 Bd4 37. Re3 Rxe3 38. fxe3 Qxe3 39. Qc2 Bc5 40.
Qg2 f5 41. Qb7+ Kf6 42. Qc6+ Kf7 43. h5 Qg5 44. hxg6+ Qxg6 45. Qd7+ Kf6 46.
Qc6+ Kg5 47. Qd5 Bd4 48. Kg2 Kh6 49. Qd8 Qc6+ 50. Kh3 Qe6 51. Qh8+ Kg6 52. Qh5+
Kf6 53. Qh6+ Ke7 54. Qh7+ Kf6 55. Qh6+ 1/2-1/2

[Event "XII. DBMM Schach"]
[Site "Berlin"]
[Date "2012.10.11"]
[Round "2.3"]
[White "Salov, Sergej"]
[Black "Hein, Ralf"]
[Result "1-0"]
[WhiteElo "2332"]
[BlackElo "2194"]
[Annotator "rg"]
[PlyCount "85"]
[EventDate "2012.??.??"]
[WhiteTeam "SK Präsident Berlin 1"]
[BlackTeam "Baubehörde Hamburg 1"]

1. e4 c5 2. Nf3 Nc6 3. Bb5 Nd4 4. Nxd4 cxd4 5. c4 e5 6. O-O a6 7. Ba4 g6 8. d3
Bg7 9. f4 Ne7 10. f5 f6 11. b4 O-O 12. Bb3 d6 13. c5+ Kh8 14. cxd6 Qxd6 15. g4
Bd7 16. Nd2 b5 17. Nf3 Be8 18. Bd2 Bf7 19. Bxf7 Rxf7 20. Qb3 Rff8 21. Rac1 Rac8
22. Kf2 gxf5 23. gxf5 Nc6 24. Rc5 Ne7 25. Rfc1 Rxc5 26. Rxc5 Rg8 27. Qe6 Rd8
28. Nh4 Bf8 29. Qf7 Nc6 30. Qh5 Kg8 31. Qg4+ Kh8 32. Ng6+ hxg6 33. fxg6 Bg7 34.
Rd5 Qe7 35. Qh5+ Kg8 36. Qh7+ Kf8 37. Bh6 Ke8 38. Bxg7 Rxd5 39. exd5 Nxb4 40.
Qh8+ Kd7 41. Bxf6 Nxd3+ 42. Kf1 Qe8 43. g7 1-0

[Event "XII. DBMM Schach"]
[Site "Berlin"]
[Date "2012.10.11"]
[Round "2.4"]
[White "Albrecht, Norbert"]
[Black "Gruzman, Boris"]
[Result "0-1"]
[WhiteElo "1856"]
[BlackElo "2164"]
[Annotator "rg"]
[PlyCount "90"]
[EventDate "2012.??.??"]
[WhiteTeam "Baubehörde Hamburg 1"]
[BlackTeam "SK Präsident Berlin 1"]

1. e4 c5 2. Nf3 d6 3. d4 cxd4 4. Nxd4 Nf6 5. Nc3 a6 6. Be2 g6 7. h4 h5 8. Bg5
Bg7 9. Qd2 Nc6 10. Nxc6 bxc6 11. e5 dxe5 12. Qxd8+ Kxd8 13. Bc4 Rf8 14. O-O-O+
Kc7 15. f3 e6 16. Rhe1 Nd5 17. Na4 Re8 18. Bb3 f6 19. Bd2 a5 20. c4 Nb6 21. Be3
Nxa4 22. Bxa4 Ba6 23. b3 Bf8 24. Rd3 Red8 25. Red1 Rxd3 26. Rxd3 Be7 27. Bd2
Bc8 28. Bc3 Bd7 29. Kd1 Be8 30. Ke2 Bb4 31. Bb2 Rd8 32. Bc1 Rd4 33. f4 Rxd3 34.
Kxd3 exf4 35. Bxf4+ e5 36. Bg3 Kd6 37. Bf2 Bd7 38. Kc2 Bf5+ 39. Kb2 Bd2 40. a3
e4 41. c5+ Kd5 42. b4 e3 43. Bb3+ Kd4 44. Bg1 axb4 45. a4 Kxc5 0-1

[Event "XII. DBMM Schach"]
[Site "Berlin"]
[Date "2012.10.11"]
[Round "2.1"]
[White "Gempe, Thomas"]
[Black "Figura, Atila Gajo"]
[Result "1/2-1/2"]
[WhiteElo "2270"]
[BlackElo "2322"]
[Annotator "rg"]
[PlyCount "52"]
[EventDate "2012.??.??"]
[WhiteTeam "ADAC München 1"]
[BlackTeam "SV Senat Berlin 1"]

1. Nf3 d5 2. c4 e6 3. d4 c6 4. Nc3 dxc4 5. e3 b5 6. a4 Bb4 7. Bd2 a5 8. axb5
Bxc3 9. Bxc3 cxb5 10. b3 Bb7 11. bxc4 b4 12. Bb2 Nf6 13. Bd3 Nbd7 14. O-O O-O
15. Qe2 a4 16. e4 a3 17. Bc1 e5 18. Bd2 b3 19. Bb4 a2 20. Qb2 {=} Re8 21. Qxb3
exd4 22. Rxa2 Rxa2 23. Qxa2 Qb6 24. Rb1 Bxe4 25. Bxe4 Rxe4 26. Ng5 Re8 {=} (
26... Re8 {=} 27. c5 Qc6 28. Qxf7+ Kh8) 1/2-1/2

[Event "XII. DBMM Schach"]
[Site "Berlin"]
[Date "2012.10.11"]
[Round "2.2"]
[White "Kalinitschew, Sergej"]
[Black "Haas, Peter"]
[Result "1-0"]
[WhiteElo "2387"]
[BlackElo "2074"]
[Annotator "rg"]
[PlyCount "71"]
[EventDate "2012.??.??"]
[WhiteTeam "SV Senat Berlin 1"]
[BlackTeam "ADAC München 1"]

1. d4 Nf6 2. c4 e6 3. Nf3 b6 4. Nc3 Bb4 5. Qb3 c5 6. a3 Ba5 7. dxc5 bxc5 8. g3
Nc6 9. Bg2 Rb8 10. Qd1 Ne4 11. O-O Nxc3 12. bxc3 Bxc3 13. Ra2 Ba6 14. Bf4 e5
15. Rc2 exf4 16. Rxc3 Qf6 17. Qd2 Nd4 18. Nxd4 cxd4 19. Rf3 Bxc4 20. Rxf4 Qb6
21. Rxd4 Be6 22. Rb4 Qd8 23. Rfb1 Rc8 24. Bb7 Rc5 25. Qd4 Qc7 26. Qxg7 Qe5 27.
Qxe5 Rxe5 28. e4 Ra5 29. f4 f6 30. Rc1 Ke7 31. Rc3 Bh3 32. Kf2 h5 33. f5 h4 34.
Rd4 hxg3+ 35. Rxg3 Rh7 36. Rgd3 1-0

[Event "XII. DBMM Schach"]
[Site "Berlin"]
[Date "2012.10.11"]
[Round "2.3"]
[White "Budai, Zoltan"]
[Black "von Herman, Ulf"]
[Result "0-1"]
[WhiteElo "2021"]
[BlackElo "2317"]
[Annotator "rg"]
[PlyCount "68"]
[EventDate "2012.??.??"]
[WhiteTeam "ADAC München 1"]
[BlackTeam "SV Senat Berlin 1"]

1. Nf3 c5 2. g3 g6 3. c4 Bg7 4. Nc3 Nc6 5. Bg2 Nh6 6. d4 cxd4 7. Nxd4 O-O 8.
Bxh6 Bxh6 9. e3 Bg7 10. Qd2 h5 11. c5 Rb8 12. Rd1 Nxd4 13. exd4 d6 14. O-O Bg4
15. f3 Bf5 16. b4 dxc5 17. bxc5 Qd7 18. Ne4 b6 19. Qf2 Rfd8 20. d5 bxc5 21.
Nxc5 Qd6 22. Ne4 Qa3 23. g4 Rb2 24. Nd2 Rxd5 25. Nc4 Rxf2 26. Nxa3 Rxf1+ 27.
Rxf1 Be6 28. Nc2 Rc5 29. Nb4 Rc4 30. Rb1 a5 31. Nd3 hxg4 32. fxg4 Rxg4 33. h3
Ra4 34. Nc1 Bh6 0-1

[Event "XII. DBMM Schach"]
[Site "Berlin"]
[Date "2012.10.11"]
[Round "2.4"]
[White "Kachibadze, Georg"]
[Black "Baudrexel, Peter"]
[Result "1-0"]
[WhiteElo "2298"]
[BlackElo "1863"]
[Annotator "rg"]
[PlyCount "83"]
[EventDate "2012.??.??"]
[WhiteTeam "SV Senat Berlin 1"]
[BlackTeam "ADAC München 1"]

1. e4 e6 2. d4 d5 3. Nc3 Nf6 4. Bg5 Bb4 5. e5 h6 6. Bd2 Bxc3 7. bxc3 Ne4 8. Bd3
Nxd2 9. Qxd2 c5 10. h4 Nc6 11. Rh3 c4 12. Bf1 Bd7 13. h5 Qe7 14. Rg3 Kf8 15.
Qf4 Be8 16. Nf3 b5 17. Nh4 Kg8 18. a3 a5 19. Qg4 Qg5 20. Qh3 Qe7 21. f4 f5 22.
exf6 Qxf6 23. Be2 Ne7 24. Re3 Bf7 25. g3 Kh7 26. g4 Rhf8 27. Qg3 g5 28. fxg5
Qxg5 29. Re5 Qg7 30. g5 hxg5 31. Rxg5 Qh6 32. Kd2 Rg8 33. Nf3 Nf5 34. Qf4 b4
35. axb4 axb4 36. Rxa8 Rxa8 37. Qc7 bxc3+ 38. Kxc3 Qf6 (38... Qf8) 39. Rg1 (39.
Rg6) 39... Ra3+ 40. Kb4 Ra2 41. Ng5+ Kg7 42. Ne4+ 1-0

[Event "XII. DBMM Schach"]
[Site "Berlin"]
[Date "2012.10.11"]
[Round "2.1"]
[White "Lubbe, Nikolas"]
[Black "Rovenski, Evgenij"]
[Result "1/2-1/2"]
[WhiteElo "2406"]
[BlackElo "2165"]
[Annotator "rg"]
[PlyCount "110"]
[EventDate "2012.??.??"]
[WhiteTeam "KPMG AG Frankfurt 1"]
[BlackTeam "SK Präsident Berlin 2"]

1. d4 d5 2. Nc3 Nf6 3. Bf4 Bf5 4. f3 e6 5. g4 Bg6 6. h4 h6 7. e3 Bd6 8. Nge2
Nc6 9. Bxd6 Qxd6 10. Nf4 O-O-O 11. Qd2 e5 12. Nb5 Qe7 13. Nxg6 fxg6 14. O-O-O
e4 15. f4 g5 16. hxg5 hxg5 17. Rxh8 Rxh8 18. fxg5 Nd7 19. c4 Nb6 20. cxd5 Nxd5
21. Bc4 Qxg5 22. Bxd5 Qxd5 23. Nc3 Qd7 24. d5 Ne5 25. Nxe4 Nxg4 26. Nc5 Qb5 27.
Qd4 Nf6 28. Ne6 Qb6 29. Nxg7 Qxd4 30. Rxd4 Rd8 31. e4 Rg8 32. Ne6 Kd7 33. Nc5+
Kd6 34. Rc4 b5 35. Nb7+ Ke5 36. Rxc7 Nxe4 37. d6 Nxd6 38. Nxd6 Kxd6 39. Rxa7
Rg2 40. Ra8 Kc5 41. Rd8 Kc4 42. Rc8+ Kb4 43. a3+ Kb3 44. Rc3+ Ka4 45. Kb1 Rh2
46. Ka2 Rg2 47. Rc6 Ka5 48. Kb3 Rg3+ 49. Rc3 Rg4 50. Rd3 Rh4 51. Rd6 Rh3+ 52.
Kc2 Rh2+ 53. Kc3 Rh3+ 54. Kd4 Rb3 55. Rd8 Rxb2 1/2-1/2

[Event "XII. DBMM Schach"]
[Site "Berlin"]
[Date "2012.10.11"]
[Round "2.2"]
[White "Shapiro, Yosip"]
[Black "Ohme, Melanie"]
[Result "1/2-1/2"]
[WhiteElo "1997"]
[BlackElo "2337"]
[Annotator "rg"]
[PlyCount "74"]
[EventDate "2012.??.??"]
[WhiteTeam "SK Präsident Berlin 2"]
[BlackTeam "KPMG AG Frankfurt 1"]

1. Nf3 Nf6 2. c4 g6 3. Nc3 Bg7 4. d4 d6 5. e4 O-O 6. Be2 Bg4 7. O-O Nc6 8. d5
Bxf3 9. Bxf3 Na5 10. Be2 c5 11. Bg5 a6 12. Rc1 h6 13. Bh4 Rb8 14. Qc2 Qd7 15.
f4 Nh7 16. Bg3 b5 17. b3 bxc4 18. bxc4 Rb4 19. Nd1 Rb6 20. e5 Qc7 21. e6 f5 22.
Be1 Nb7 23. g4 Qb8 24. Bd3 fxg4 25. Bxg6 Nf6 26. Ne3 Nd8 27. Bc3 Qa7 28. Kh1
Qb7 29. Rg1 Nxe6 30. Bxf6 Rxf6 31. Nxg4 Rxf4 32. Bh5 Kh8 33. Nxh6 Rb2 34. Qg6
Rf6 35. Qe8+ Rf8 36. Nf7+ Kg8 37. Nh6+ Kh8 1/2-1/2

[Event "XII. DBMM Schach"]
[Site "Berlin"]
[Date "2012.10.11"]
[Round "2.3"]
[White "Knickel, Aaron"]
[Black "Hohn, August"]
[Result "1-0"]
[WhiteElo "2190"]
[BlackElo "1937"]
[Annotator "rg"]
[PlyCount "43"]
[EventDate "2012.??.??"]
[WhiteTeam "KPMG AG Frankfurt 1"]
[BlackTeam "SK Präsident Berlin 2"]

1. g3 d5 2. Bg2 c6 3. d3 Nf6 4. Nd2 Bg4 5. Ngf3 Nbd7 6. O-O e6 7. e4 Be7 8. h3
Bh5 9. Qe2 Ne5 10. Re1 O-O 11. Qe3 Nxf3+ 12. Bxf3 Bxf3 13. Nxf3 dxe4 14. dxe4
Qa5 15. Bd2 Qh5 16. Kg2 Rfd8 17. Qb3 Rd7 18. Bf4 Rad8 19. Ne5 Rd1 20. g4 Rxa1
21. Rxa1 Qh4 22. Nf3 1-0

[Event "XII. DBMM Schach"]
[Site "Berlin"]
[Date "2012.10.11"]
[Round "2.4"]
[White "Artukovic, Adis"]
[Black "De Visser, Leon"]
[Result "1/2-1/2"]
[WhiteElo "2020"]
[BlackElo "2146"]
[Annotator "rg"]
[PlyCount "97"]
[EventDate "2012.??.??"]
[WhiteTeam "SK Präsident Berlin 2"]
[BlackTeam "KPMG AG Frankfurt 1"]

1. d4 d5 2. c4 c6 3. Nc3 dxc4 4. a4 Nf6 5. e3 Bf5 6. Bxc4 e6 7. Nf3 Bb4 8. O-O
O-O 9. h3 Qe7 10. Nh4 Ne4 11. Nxf5 exf5 12. Qc2 Nd7 13. Ne2 g6 14. Nf4 Nb6 15.
Ba2 Rad8 16. Nd3 Bd6 17. b4 Nd5 18. Bxd5 cxd5 19. Nc5 b6 20. Nxe4 fxe4 21. b5
Rc8 22. Qb3 Rc4 23. Bd2 Rfc8 24. Rfc1 Qc7 25. Rxc4 Qxc4 26. Qxc4 Rxc4 27. Kf1
Kg7 28. Ke1 h5 29. Kd1 Kf6 30. a5 Bc7 31. axb6 axb6 32. Ra6 Kf5 33. Ra7 f6 34.
Ra8 g5 35. Rh8 Kg6 {=} 36. Re8 Kf7 37. Ra8 h4 38. Ra6 Ke6 39. Be1 Kf5 40. Ra8
Ke6 41. Ra6 Kf5 42. g3 g4 43. hxg4+ Kxg4 44. gxh4 Kxh4 45. f3+ Kg5 46. fxe4
dxe4 47. Ra2 f5 48. Rg2+ Kh5 49. Rc2 1/2-1/2

[Event "XII. DBMM Schach"]
[Site "Berlin"]
[Date "2012.10.11"]
[Round "2.1"]
[White "Kropman, Alexei"]
[Black "Seger, Ruediger"]
[Result "1/2-1/2"]
[WhiteElo "2105"]
[BlackElo "2390"]
[Annotator "rg"]
[PlyCount "68"]
[EventDate "2012.??.??"]
[WhiteTeam "SV Senat Berlin 2"]
[BlackTeam "Deutsche Post Bonn 1"]

1. e4 c6 2. Nc3 d5 3. Nf3 Bg4 4. h3 Bxf3 5. Qxf3 e6 6. d3 Nf6 7. Bd2 Nbd7 8. g4
g6 9. O-O-O Qb6 10. e5 d4 11. exf6 dxc3 12. Bxc3 Bb4 13. Bxb4 Qxb4 14. d4 Qa5
15. Kb1 Qg5 16. d5 cxd5 17. Bb5 O-O-O 18. h4 Qe5 19. Rhe1 Qc7 20. Bxd7+ Rxd7
21. Re3 Kb8 22. Rc3 Qd6 23. g5 h5 24. Qd3 d4 25. Rb3 Rhd8 26. Qe4 Qh2 27. f3
Rd5 28. a4 R8d7 29. Rb5 Rxb5 30. axb5 Rd5 31. Qe1 Qd6 32. Qe2 Kc7 33. Qc4+ Kb6
34. Rd3 Qc5 1/2-1/2

[Event "XII. DBMM Schach"]
[Site "Berlin"]
[Date "2012.10.11"]
[Round "2.2"]
[White "Stanetzek, Carsten"]
[Black "Major, Vitalij"]
[Result "1-0"]
[WhiteElo "2245"]
[BlackElo "2076"]
[Annotator "rg"]
[PlyCount "63"]
[EventDate "2012.??.??"]
[WhiteTeam "Deutsche Post Bonn 1"]
[BlackTeam "SV Senat Berlin 2"]

1. e4 d6 2. Nf3 Nf6 3. Nc3 e5 4. d4 Bg4 5. dxe5 Bxf3 6. Qxf3 dxe5 7. Bd2 Nbd7
8. O-O-O Bc5 9. g4 h6 10. h4 Qe7 11. g5 Ng8 12. Nd5 Qd8 13. Bc4 c6 14. Ne3 Qe7
15. Nf5 Qf8 16. Be3 Be7 17. Nxe7 Nxe7 18. Qxf7+ Qxf7 19. Bxf7+ Kxf7 20. Rxd7 b6
21. Rhd1 h5 22. g6+ Ke8 23. Bg5 Nxg6 24. Rxg7 Nf4 25. Re7+ Kf8 26. Rxe5 Ne2+
27. Kb1 Rh7 28. f4 c5 29. c3 Rc8 30. Re1 Ng3 31. Rg1 Ne2 32. Rg2 1-0

[Event "XII. DBMM Schach"]
[Site "Berlin"]
[Date "2012.10.11"]
[Round "2.4"]
[White "Biedekoepper, Robert"]
[Black "Guenther, Thomas"]
[Result "1/2-1/2"]
[WhiteElo "2093"]
[BlackElo "1961"]
[Annotator "rg"]
[PlyCount "97"]
[EventDate "2012.??.??"]
[WhiteTeam "Deutsche Post Bonn 1"]
[BlackTeam "SV Senat Berlin 2"]

1. d4 Nf6 2. c4 e6 3. Nf3 d5 4. g3 c6 5. Qc2 Ne4 6. Nbd2 f5 7. Bg2 Be7 8. O-O
O-O 9. e3 Nd7 10. b3 b6 11. Bb2 Bb7 12. Rfd1 Rc8 13. Rac1 Qe8 14. Ne5 Nxe5 15.
dxe5 Qh5 16. f3 Nxd2 17. Rxd2 Rfd8 18. cxd5 cxd5 19. Qd1 Qe8 20. Rdc2 Bc5 21.
Qd2 Qf8 22. Kf2 f4 23. Bd4 fxe3+ 24. Qxe3 Bxd4 25. Qxd4 Ba6 26. Bh3 Rxc2+ 27.
Rxc2 Qe8 28. Qg4 Qb5 29. Qxe6+ Kh8 30. Qc6 Qd3 31. Qc3 Qd1 32. Rc1 Qe2+ 33. Kg1
d4 34. Qe1 Qxf3 35. Qf2 Qd5 36. e6 d3 37. e7 Rg8 38. Bg2 Qg5 39. Re1 Bb5 40. h4
Qh5 41. Bf3 Qf5 42. a4 Bd7 43. Be4 Qxf2+ 44. Kxf2 d2 45. Rd1 Re8 46. Rxd2 Rxe7
47. Bf5 Be8 48. Rd8 g6 49. Bd7 1/2-1/2

[Event "XII. DBMM Schach"]
[Site "Berlin"]
[Date "2012.10.11"]
[Round "2.1"]
[White "Feikes, Joerg"]
[Black "Mueller, Ralf"]
[Result "0-1"]
[WhiteElo "1949"]
[BlackElo "2412"]
[Annotator "rg"]
[PlyCount "64"]
[EventDate "2012.??.??"]
[WhiteTeam "BA Berlin-Tempelhof 1"]
[BlackTeam "SG Stern Stuttgart 1"]

1. e4 e5 2. Nf3 Nc6 3. Bc4 Nf6 4. d3 Bc5 5. Bb3 d6 6. c3 h6 7. Nbd2 O-O 8. h3
Nh5 9. g3 Be6 10. Nf1 d5 11. Nh4 Nf6 12. Qe2 a5 13. Bc2 b5 14. Ne3 Bxe3 15.
fxe3 dxe4 16. dxe4 Bc4 17. Qg2 Bd3 18. Rh2 Nxe4 19. Nf5 Bxc2 20. Qxc2 Ng5 21.
Rf2 e4 22. Bd2 Ne5 23. Kf1 Qd3+ 24. Qxd3 Nxd3 25. Rh2 Nf3 26. Rg2 Nxb2 27. g4
Rfd8 28. Be1 Nc4 29. h4 g6 30. Nxh6+ Kg7 31. Nf5+ gxf5 32. gxf5+ Kf6 0-1

[Event "XII. DBMM Schach"]
[Site "Berlin"]
[Date "2012.10.11"]
[Round "2.2"]
[White "Sokratov, Stanislav"]
[Black "Kettenburg, Stefan"]
[Result "1/2-1/2"]
[WhiteElo "2173"]
[BlackElo "2033"]
[Annotator "rg"]
[PlyCount "79"]
[EventDate "2012.??.??"]
[WhiteTeam "SG Stern Stuttgart 1"]
[BlackTeam "BA Berlin-Tempelhof 1"]

1. d4 d5 2. c4 e6 3. Nf3 Nf6 4. g3 Be7 5. Bg2 O-O 6. O-O c6 7. Qc2 Nbd7 8. Nbd2
b6 9. e4 dxe4 10. Nxe4 Bb7 11. Rd1 Nxe4 12. Qxe4 Nf6 13. Qe2 Qc7 14. Bf4 Bd6
15. Ne5 Nd7 16. c5 Bxe5 17. Bxe5 Qd8 18. a4 a6 19. Qg4 g6 20. Bd6 Re8 21. cxb6
Nxb6 22. Be5 Nd5 23. h4 Rc8 24. Rac1 Qe7 25. h5 f5 26. Qe2 Qg5 27. Bf3 f4 28.
Kg2 fxg3 29. Qd2 Qxd2 30. Rxd2 gxf2 31. hxg6 f1=Q+ 32. Kxf1 hxg6 33. Rh2 Re7
34. Ke2 Kf7 35. Bd6 Rd7 36. Rf1 Rxd6 37. Bxd5+ Kg7 38. Be4 Rxd4 39. Ke3 Rxa4
40. Rg1 1/2-1/2

[Event "XII. DBMM Schach"]
[Site "Berlin"]
[Date "2012.10.11"]
[Round "2.3"]
[White "Koerlin, Hans-Juergen"]
[Black "Scharrer, Udo"]
[Result "0-1"]
[WhiteElo "1864"]
[BlackElo "2039"]
[Annotator "rg"]
[PlyCount "81"]
[EventDate "2012.??.??"]
[WhiteTeam "BA Berlin-Tempelhof 1"]
[BlackTeam "SG Stern Stuttgart 1"]

1. e4 c5 2. Nc3 Nc6 3. f4 g6 4. Nf3 Bg7 5. Bc4 e6 6. O-O Nge7 7. d3 O-O 8. Qe1
d5 9. Bb3 a6 10. Qh4 b5 11. a3 c4 12. Ba2 Nd4 13. Nxd4 Bxd4+ 14. Kh1 Bg7 15. f5
exf5 16. exd5 Nxd5 17. Qxd8 Rxd8 18. Nxd5 Rxd5 19. dxc4 bxc4 20. Bxc4 Rc5 21.
Bd3 Bb7 22. Bf4 Be4 23. Rab1 Bxd3 24. cxd3 Rd5 25. b4 Rxd3 26. a4 h6 27. b5
axb5 28. axb5 Ra7 29. b6 Rb7 30. Rfc1 Bd4 31. Bc7 f6 32. Rc6 Rc3 33. Rxc3 Bxc3
34. g3 Be5 35. Rc1 Kf8 36. Kg2 Ke8 37. Kf3 Kd7 38. Rd1+ Ke6 39. Rc1 Kd7 40.
Rd1+ Ke7 41. Ke3 0-1

[Event "XII. DBMM Schach"]
[Site "Berlin"]
[Date "2012.10.11"]
[Round "2.4"]
[White "Karthaus, Carsten"]
[Black "Baranowsky, Peter"]
[Result "1-0"]
[WhiteElo "1965"]
[BlackElo "1886"]
[Annotator "rg"]
[PlyCount "81"]
[EventDate "2012.??.??"]
[WhiteTeam "SG Stern Stuttgart 1"]
[BlackTeam "BA Berlin-Tempelhof 1"]

1. e4 c6 2. d4 d5 3. Nc3 dxe4 4. Nxe4 Bf5 5. Ng3 Bg6 6. h4 h6 7. Nf3 Nd7 8. h5
Bh7 9. Bd3 Bxd3 10. Qxd3 e6 11. Bf4 Ngf6 12. O-O-O Be7 13. Kb1 a5 14. c4 a4 15.
Ne5 a3 16. b3 O-O 17. Rh3 Nxe5 18. dxe5 Qxd3+ 19. Rxd3 Ng4 20. Ne4 f5 21. exf6
Nxf6 22. Nxf6+ Rxf6 23. Be3 Rd8 24. Kc2 Rff8 25. Rxd8 Bxd8 26. Kd3 b5 27. cxb5
cxb5 28. Bc5 Rf5 29. b4 Kf7 30. Ke2 Be7 31. Bxe7 Kxe7 32. Rxa3 Rxh5 33. Ra7+
Kf6 34. a4 bxa4 35. Rxa4 Rd5 36. Ra3 Ke5 37. Ke3 g5 38. g4 Kd6 39. Rd3 Kc6 40.
Rxd5 exd5 41. Kd4 1-0

[Event "XII. DBMM Schach"]
[Site "Berlin"]
[Date "2012.10.11"]
[Round "2.1"]
[White "Gottschalk, Jens"]
[Black "Heerde, Thomas"]
[Result "1/2-1/2"]
[WhiteElo "2269"]
[BlackElo "1965"]
[Annotator "rg"]
[PlyCount "94"]
[EventDate "2012.??.??"]
[WhiteTeam "R+V Vers. Wiesbaden 1"]
[BlackTeam "SV Senat Berlin 3"]

1. d4 Nf6 2. c4 g6 3. Nc3 Bg7 4. g3 O-O 5. Bg2 d6 6. Nf3 Nbd7 7. O-O e5 8. h3
c6 9. Qc2 Re8 10. dxe5 dxe5 11. e4 Nc5 12. Be3 Nfd7 13. Rfd1 Qc7 14. b4 Ne6 15.
c5 b6 16. cxb6 Nxb6 17. Na4 Nxa4 18. Qxa4 Bb7 19. Rac1 f5 20. Qa5 f4 21. Bc5
Qf7 22. Bd6 fxg3 23. fxg3 Nd4 24. Nxd4 exd4 25. e5 Bh6 26. Rf1 Qd7 27. Rcd1 c5
28. Qxc5 Bxg2 29. Qc4+ Kh8 30. Kxg2 Qb7+ 31. Kh2 Be3 32. e6 Qe4 33. e7 Rac8 34.
Rf8+ Kg7 35. Qf7+ Kh6 36. Bf4+ Bxf4 37. Qxf4+ Qxf4 38. Rxf4 Rxe7 39. Rd2 d3 40.
Kg2 Rc2 41. Rxc2 dxc2 42. Rc4 c1=Q 43. Rxc1 Re2+ 44. Kf3 Rxa2 45. Rc7 Rb2 46.
Rxa7 Rb3+ 47. Kf2 Rb2+ 1/2-1/2

[Event "XII. DBMM Schach"]
[Site "Berlin"]
[Date "2012.10.11"]
[Round "2.2"]
[White "Hahlbohm, Matthias"]
[Black "Bach, Matthias"]
[Result "1/2-1/2"]
[WhiteElo "2002"]
[BlackElo "2263"]
[Annotator "rg"]
[PlyCount "120"]
[EventDate "2012.??.??"]
[WhiteTeam "SV Senat Berlin 3"]
[BlackTeam "R+V Vers. Wiesbaden 1"]

1. e4 d6 2. d4 Nd7 3. Nf3 a6 4. Bc4 e6 5. O-O b5 6. Bb3 c5 7. c3 Ne7 8. Bg5 h6
9. Bh4 g5 10. Bg3 Ng6 11. h3 Bb7 12. Nbd2 c4 13. Bc2 e5 14. Re1 Nf4 15. Nf1 Qc7
16. Ne3 Bg7 17. Nf5 Bf6 18. a4 O-O-O 19. axb5 axb5 20. b3 Nb6 21. Qb1 exd4 22.
Bxf4 gxf4 23. N3xd4 Bxd4 24. cxd4 c3 25. b4 Nc4 26. Bd3 Rhg8 27. Qc2 Nd2 28.
Kh1 Kb8 29. Ra3 Qd7 30. Rxc3 Qxf5 31. Qxd2 Rxg2 32. Bf1 Rg6 33. Bg2 Rxg2 34.
Kxg2 Rg8+ 35. Kh2 Bxe4 36. Rg1 Rxg1 37. Kxg1 Qg5+ 38. Kf1 Bd5 39. Qe2 Bc4 40.
Rxc4 bxc4 41. Qe8+ Kc7 42. Qxf7+ Kb6 43. Qxc4 f3 44. d5 Qg2+ 45. Ke1 Qg1+ 46.
Kd2 Qxf2+ 47. Kd1 Qe2+ 48. Qxe2 fxe2+ 49. Kxe2 Kb5 50. Kf3 Kxb4 51. Kg4 Kc4 52.
Kh5 Kxd5 53. Kxh6 Ke4 54. Kg6 d5 55. h4 d4 56. h5 d3 57. h6 d2 58. h7 d1=Q 59.
h8=Q Qg4+ 60. Kh7 Qf5+ 1/2-1/2

[Event "XII. DBMM Schach"]
[Site "Berlin"]
[Date "2012.10.11"]
[Round "2.3"]
[White "Werner, Gregor"]
[Black "Bolk, Matthias"]
[Result "1-0"]
[WhiteElo "2172"]
[BlackElo "2045"]
[Annotator "rg"]
[PlyCount "69"]
[EventDate "2012.??.??"]
[WhiteTeam "R+V Vers. Wiesbaden 1"]
[BlackTeam "SV Senat Berlin 3"]

1. d4 g6 2. e4 Bg7 3. Nc3 d6 4. Nf3 Nf6 5. Be2 O-O 6. O-O Nc6 7. h3 e5 8. Be3
Re8 9. dxe5 dxe5 10. Qxd8 Rxd8 11. Rfd1 Be6 12. Ng5 Nd4 13. Nxe6 fxe6 14. Rd2
Rd7 15. Bc4 Kf7 16. f4 Nc6 17. f5 Nd8 18. Rf2 b6 19. Raf1 gxf5 20. exf5 Rd4 21.
fxe6+ Ke7 22. Bxd4 exd4 23. Nd5+ Nxd5 24. Bxd5 c6 25. Bb3 Bh6 26. Kh1 Be3 27.
Rf8 a5 28. a4 b5 29. Rh8 bxa4 30. Rxh7+ Kd6 31. Rd7+ Ke5 32. e7 axb3 33. e8=Q+
Ne6 34. Qxa8 bxc2 35. Qxc6 1-0

[Event "XII. DBMM Schach"]
[Site "Berlin"]
[Date "2012.10.11"]
[Round "2.4"]
[White "Kiesewetter, Peter"]
[Black "Schmitt, Carsten"]
[Result "1-0"]
[WhiteElo "1849"]
[BlackElo "2001"]
[Annotator "rg"]
[PlyCount "99"]
[EventDate "2012.??.??"]
[WhiteTeam "SV Senat Berlin 3"]
[BlackTeam "R+V Vers. Wiesbaden 1"]

1. Nf3 d5 2. d4 e6 3. Bf4 c5 4. c3 Nc6 5. e3 Qb6 6. Qc2 Bd7 7. Nbd2 Nf6 8. Be2
Rc8 9. Qb3 c4 10. Qxb6 axb6 11. O-O b5 12. a3 Be7 13. Ne5 Na5 14. Bf3 Bc6 15.
Rae1 O-O 16. e4 {=} Rfe8 17. Re2 Bf8 18. Rfe1 Red8 19. Bg5 Ra8 {=} 20. Ng4 Nxg4
21. Bxd8 Nxh2 22. exd5 Nxf3+ 23. Nxf3 Bxd5 24. Bxa5 Bxf3 25. gxf3 Rxa5 26. d5
exd5 27. Re8 f6 28. R1e7 b4 29. axb4 Ra2 30. Rxb7 Rxb2 31. Rbb8 Kf7 32. Rxf8+
Ke7 33. Rfd8 Ke6 34. b5 Rb3 35. b6 Rxc3 36. b7 Rb3 37. Re8+ Kf5 38. Rbd8 Rxb7
39. Rxd5+ Kg6 40. Rc8 Rb3 41. Kg2 c3 42. Rdc5 c2 43. Rxc2 Rb5 44. R2c4 h5 45.
R4c5 Rb1 46. Rh8 f5 47. f4 Rb4 48. Rc6+ Kf7 49. Rxh5 Rxf4 50. Rg5 1-0

[Event "XII. DBMM Schach"]
[Site "Berlin"]
[Date "2012.10.11"]
[Round "2.1"]
[White "Blum, Norbert"]
[Black "Schuetze, Norman"]
[Result "1-0"]
[WhiteElo "2016"]
[BlackElo "2255"]
[Annotator "rg"]
[PlyCount "79"]
[EventDate "2012.??.??"]
[WhiteTeam "Sparkassenvers. Stuttgart 1"]
[BlackTeam "Emco GmbH Leipzig 1"]

1. e4 c5 2. c3 Qc7 3. d4 d6 4. Bf4 e5 5. dxe5 dxe5 6. Bg3 Be6 7. Nf3 f6 8. Na3
Nd7 9. Bc4 Bxc4 10. Nxc4 Nb6 11. Ne3 Rd8 12. Qe2 Qc6 13. Nd2 g6 14. O-O Bh6 15.
f4 Ne7 16. fxe5 Rxd2 17. Qxd2 Nc4 18. Qd3 Nxe3 19. Rxf6 Qc8 20. h3 c4 21. Qd6
Rf8 22. Bf2 Rf7 23. Re1 Nc2 24. Re2 Na1 25. Qd1 Nc6 26. Rxf7 Kxf7 27. Qxa1 Nxe5
28. Bxa7 Nd3 29. Qf1+ Ke7 30. Bd4 Qe6 31. Qf3 Bf4 32. e5 Qd7 33. Re4 g5 34. Qh5
Qf5 35. Qf3 Nxb2 36. Re1 Nd3 37. Qxb7+ Kf8 38. Rb1 Bxe5 39. Bxe5 Qxe5 40. Qb8+
1-0